000 00283nam a2200109Ia 4500
008 220120s9999||||xx |||||||||||||| ||und||
100 _aBasavaraj, S.P
245 0 _aEngineering physics
260 _aSubhas Publications
_bNew Delhi
_c2006
300 _b0
650 _aELECTRICAL SCIENCE
999 _c137208
_d137208